[Event "Udaipur Holi Cup 6th"]
[Site "Udaipur"]
[Date "2024.04.04"]
[Round "9"]
[White "Vatsal, Singla"]
[Black "Badamundi, Tapan"]
[Result "1-0"]
[WhiteElo "1795"]
[BlackElo "1868"]
[PlyCount "107"]
[EventDate "2024.03.31"]
[EventType "swiss"]
[EventRounds "9"]
[EventCountry "IND"]
[SourceTitle "CB16_2024"]
[SourceDate "2024.04.17"]
[SourceVersion "1"]
[SourceVersionDate "2024.04.17"]
[SourceQuality "1"]

1. e4 e6 2. d4 d5 3. Nc3 Nf6 4. Bg5 Bb4 5. e5 h6 6. Bd2 Bxc3 7. Bxc3 Ne4 8. Qg4 0-0 9. Bd3 Nxc3 10. bxc3 c5 11. Qf4 Qa5 12. Qd2 Nc6 13. Nf3 Bd7 14. h4 Rac8 15. h5 f6 16. exf6 Rxf6 17. a4 Rcf8 18. Rh4 Qd8 19. Rh1 c4 20. Be2 Rf4 21. Kf1 Be8 22. Re1 R8f5 23. Bd1 Qf6 24. Re3 Bxh5 25. Qe1 Bf7 26. Qe2 Bh5 27. Qe1 Nd8 28. Kg1 Bxf3 29. Bxf3 g5 30. Rh5 Qg6 31. Rh3 g4 32. Rg3 h5 33. Qe2 Kf7 34. Qd1 Qf6 35. Be2 Rxf2 36. Bf3 gxf3 37. Kxf2 fxg2+ 38. Kxg2 Ke7 39. Ref3 h4 40. Rg4 h3+ 41. Rxh3 Rf2+ 42. Kg1 Qf5 43. Rh2 Rf3 44. Rg7+ Kf8 45. Rhg2 Qe4 46. Qd2 Qf4 47. Qxf4+ Rxf4 48. Rc7 Rf3 49. Rf2 Rxf2 50. Kxf2 Ke8 51. Ke3 a6 52. Kf4 Nc6 53. Rxb7 Kd8 54. Rb6 1-0

[Event "Udaipur Holi Cup 6th"]
[Site "Udaipur"]
[Date "2024.04.03"]
[Round "7"]
[White "Piyush, Kumar"]
[Black "Badamundi, Tapan"]
[Result "0-1"]
[WhiteElo "1809"]
[BlackElo "1868"]
[PlyCount "102"]
[EventDate "2024.03.31"]
[EventType "swiss"]
[EventRounds "9"]
[EventCountry "IND"]
[SourceTitle "CB16_2024"]
[SourceDate "2024.04.17"]
[SourceVersion "1"]
[SourceVersionDate "2024.04.17"]
[SourceQuality "1"]

1. e4 e6 2. d4 d5 3. Nc3 Nf6 4. e5 Nfd7 5. f4 c5 6. Nf3 Nc6 7. Be3 a6 8. a3 b5 9. dxc5 Bxc5 10. Bxc5 Nxc5 11. b4 Nd7 12. Ne2 Bb7 13. Ned4 Nxd4 14. Nxd4 Qc7 15. Qd2 g5 16. g3 Rc8 17. a4 bxa4 18. b5 Nc5 19. bxa6 Bc6 20. Qb4 Bd7 21. Nb5 Bxb5 22. Bxb5+ Kf8 23. 0-0 Kg7 24. Qd4 Rb8 25. Be2 h6 26. f5 Rhe8 27. f6+ Kh8 28. Bd3 Rb6 29. h4 Nxd3 30. cxd3 Rxa6 31. hxg5 Rg8 32. Rfc1 Qa7 33. Qxa7 Rxa7 34. gxh6 Rxg3+ 35. Kf2 Rg5 36. d4 Kh7 37. Ra3 Rg4 38. Rg1 Rxg1 39. Kxg1 Kxh6 40. Kf2 Kg5 41. Kg3 Kf5 42. Kf3 Ra8 43. Ke3 Kg4 44. Kd3 Kf4 45. Ra1 a3 46. Rf1+ Kg3 47. Ke3 a2 48. Rg1+ Kh2 49. Ra1 Kg2 50. Kf4 Kf2 51. Kg5 Ke3 0-1

[Event "Bhubaneswar op-A 14th"]
[Site "Bhubaneswar"]
[Date "2023.06.17"]
[Round "9"]
[White "Badamundi, Tapan"]
[Black "Mithiran, A."]
[Result "0-1"]
[WhiteElo "1868"]
[BlackElo "1602"]
[PlyCount "118"]
[EventDate "2023.06.11"]
[EventType "swiss"]
[EventRounds "10"]
[EventCountry "IND"]
[SourceTitle "CBM 214 Extra"]
[Source "ChessBase"]
[SourceDate "2023.07.31"]
[SourceVersion "1"]
[SourceVersionDate "2023.07.31"]
[SourceQuality "1"]

1. d4 Nf6 2. Nf3 d5 3. Bf4 c5 4. e3 Nc6 5. c3 Qb6 6. Qb3 c4 7. Qxb6 axb6 8. Nbd2 Nh5 9. a3 Nxf4 10. exf4 Bf5 11. Be2 h6 12. Nh4 Bh7 13. f5 g5 14. fxg6 fxg6 15. f4 g5 16. Bh5+ Kd7 17. fxg5 hxg5 18. Nhf3 Bh6 19. 0-0 Rhf8 20. Bg4+ Kd6 21. Rac1 Bf5 22. Ne5 e6 23. Ndf3 b5 24. Bh5 Be4 25. Nxc6 bxc6 26. Ne5 g4 27. Bxg4 Bd2 28. Rcd1 Be3+ 29. Kh1 Bf4 30. Bf3 Bxe5 31. dxe5+ Kxe5 32. Rfe1 Rf4 33. Kg1 Kf5 34. Bxe4+ Rxe4 35. Rxe4 Kxe4 36. Re1+ Kf5 37. Kf2 c5 38. Kf3 b4 39. g4+ Kf6 40. axb4 cxb4 41. Ke3 Rh8 42. Re2 Rh3+ 43. Kf4 bxc3 44. g5+ Kf7 45. bxc3 Rxc3 46. h4 Rh3 47. Kg4 Rh1 48. h5 Rg1+ 49. Kf4 Rf1+ 50. Kg4 c3 51. h6 Rg1+ 52. Kf4 Rf1+ 53. Kg4 d4 54. g6+ Kxg6 55. Rxe6+ Kh7 56. Kg5 c2 57. Re7+ Kg8 58. h7+ Kh8 59. Kg6 Rg1+ 0-1

[Event "Bhubaneswar op-A 14th"]
[Site "Bhubaneswar"]
[Date "2023.06.15"]
[Round "6"]
[White "Wankhade, Sanskruti"]
[Black "Badamundi, Tapan"]
[Result "1/2-1/2"]
[WhiteElo "1591"]
[BlackElo "1868"]
[PlyCount "64"]
[EventDate "2023.06.11"]
[EventType "swiss"]
[EventRounds "10"]
[EventCountry "IND"]
[SourceTitle "CBM 214 Extra"]
[Source "ChessBase"]
[SourceDate "2023.07.31"]
[SourceVersion "1"]
[SourceVersionDate "2023.07.31"]
[SourceQuality "1"]

1. d4 d5 2. c4 c6 3. Nf3 Nf6 4. Nc3 dxc4 5. a4 Bf5 6. Ne5 Nbd7 7. Nxc4 e6 8. Bf4 Nb6 9. e3 Nxc4 10. Bxc4 Qb6 11. Qb3 Nd5 12. Nxd5 exd5 13. Qxb6 axb6 14. Bb3 Bb4+ 15. Ke2 Kd7 16. h3 Ra5 17. Ra2 Rha8 18. Rc1 R8a6 19. Rca1 Ra8 20. Rc1 Bd6 21. Bxd6 Kxd6 22. Kd2 c5 23. Bd1 Bd7 24. b3 c4 25. b4 R5a6 26. Raa1 Bf5 27. Kc3 b5 28. a5 Be4 29. g3 Re8 30. Bc2 f5 31. h4 h6 32. Rg1 Rea8 1/2-1/2

[Event "Bhubaneswar op-A 14th"]
[Site "Bhubaneswar"]
[Date "2023.06.13"]
[Round "3"]
[White "Badamundi, Tapan"]
[Black "Soham, Roy1111"]
[Result "1/2-1/2"]
[WhiteElo "1868"]
[BlackElo "1683"]
[PlyCount "81"]
[EventDate "2023.06.11"]
[EventType "swiss"]
[EventRounds "10"]
[EventCountry "IND"]
[SourceTitle "CBM 214 Extra"]
[Source "ChessBase"]
[SourceDate "2023.07.31"]
[SourceVersion "1"]
[SourceVersionDate "2023.07.31"]
[SourceQuality "1"]

1. d4 Nf6 2. Nf3 g6 3. Bf4 Bg7 4. e3 0-0 5. c3 d6 6. Nbd2 Nbd7 7. Be2 b6 8. 0-0 Bb7 9. a4 Qe8 10. h3 e5 11. dxe5 dxe5 12. Bh2 Ne4 13. Nxe4 Bxe4 14. Nd2 Bb7 15. Qc2 f5 16. Rfd1 Rd8 17. a5 Nc5 18. axb6 axb6 19. b4 Ne6 20. Ra7 Bd5 21. Nf3 Qc6 22. Bxe5 f4 23. b5 Qc5 24. e4 Bc4 25. Bxg7 Bxe2 26. Qxe2 Nxg7 27. Rxd8 Rxd8 28. Qa2+ Kf8 29. h4 h6 30. Qb3 g5 31. hxg5 hxg5 32. Nd4 g4 33. Nc6 g3 34. Ra2 Qxc3 35. Qb1 Rd2 36. Rxd2 Qxd2 37. Qb4+ Qxb4 38. Nxb4 Ne6 39. Nd5 Ke8 40. fxg3 fxg3 41. Kf1 1/2-1/2

[Event "Bhubaneswar op-A 14th"]
[Site "Bhubaneswar"]
[Date "2023.06.12"]
[Round "2"]
[White "Snehil, Raj Singh"]
[Black "Badamundi, Tapan"]
[Result "1-0"]
[WhiteElo "1603"]
[BlackElo "1868"]
[PlyCount "111"]
[EventDate "2023.06.11"]
[EventType "swiss"]
[EventRounds "10"]
[EventCountry "IND"]
[SourceTitle "EXT 2024"]
[Source "ChessBase"]
[SourceDate "2023.10.10"]
[SourceVersion "1"]
[SourceVersionDate "2023.10.10"]
[SourceQuality "1"]

1. e4 e6 2. d4 d5 3. Nd2 c5 4. exd5 exd5 5. Ngf3 Nf6 6. Bb5+ Bd7 7. Bxd7+ Nbxd7 8. 0-0 Be7 9. dxc5 Nxc5 10. Nb3 Nce4 11. Nfd4 0-0 12. Nf5 Re8 13. Nxe7+ Rxe7 14. c3 h6 15. Be3 b6 16. Qf3 Nd7 17. Nd4 Ne5 18. Qh3 Qd7 19. Qxd7 Rxd7 20. Rad1 Nc4 21. Bc1 a6 22. f3 Nc5 23. Rfe1 Kf8 24. Nf5 f6 25. b3 Ne5 26. Ba3 Kf7 27. Re2 Rad8 28. Red2 Nc6 29. Kf2 h5 30. Ne3 d4 31. cxd4 Rxd4 32. Rxd4 Rxd4 33. Rxd4 Nxd4 34. Nd5 Nd7 35. Bb2 Nc6 36. Ke3 g6 37. g4 hxg4 38. fxg4 g5 39. Ke4 Kg6 40. b4 a5 41. b5 Nc5+ 42. Ke3 Na7 43. Bxf6 Nxb5 44. Bd8 Na4 45. Nxb6 Nc5 46. Nc4 a4 47. Ne5+ Kh6 48. Nf3 Ne6 49. Bf6 Kg6 50. Be5 Nc5 51. Bd4 Ne6 52. Kd3 Nd6 53. Be5 Nf7 54. Kc4 Nh6 55. h3 Nf7 56. Kd5 1-0

[Event "New Delhi op 20th"]
[Site "New Delhi"]
[Date "2023.03.25"]
[Round "4"]
[White "Mchedlishvili, Mikheil"]
[Black "Badamundi, Tapan"]
[Result "1-0"]
[WhiteElo "2569"]
[BlackElo "1862"]
[PlyCount "91"]
[EventDate "2023.03.23"]
[EventType "swiss"]
[EventRounds "10"]
[EventCountry "IND"]
[SourceTitle "CBM 213 Extra"]
[Source "ChessBase"]
[SourceDate "2023.05.31"]
[SourceVersion "1"]
[SourceVersionDate "2023.05.31"]
[SourceQuality "1"]

1. e4 e6 2. d4 d5 3. e5 c5 4. c3 Qb6 5. Nf3 Nc6 6. a3 f6 7. b4 cxd4 8. cxd4 Nge7 9. Bd3 f5 10. Nc3 a6 11. h4 Ng8 12. Rb1 Nh6 13. Bxh6 gxh6 14. 0-0 Qd8 15. Ne2 Rg8 16. g3 Be7 17. Qd2 Rg6 18. Nf4 Rg4 19. Be2 Bd7 20. Rfd1 Kf7 21. Ne1 Rg8 22. Neg2 Na7 23. Bf3 Qb6 24. Nxe6 Bxe6 25. Qxh6 Rg4 26. Bxg4 fxg4 27. Nf4 Rg8 28. Qxh7+ Ke8 29. Qh6 Kd7 30. Nxd5 Qc6 31. Nf4 Bd5 32. e6+ Kd8 33. Rbc1 Qd6 34. Nxd5 Qxd5 35. Rd2 Rf8 36. Qe3 Rf3 37. Qe5 Qd6 38. Qa5+ Ke8 39. Qh5+ Kd8 40. Qxg4 Rf6 41. d5 Nb5 42. Rdc2 Na7 43. Rc7 Qxc7 44. Rxc7 Kxc7 45. h5 Nb5 46. h6 1-0

[Event "IND-chT 42nd"]
[Site "Pollachi"]
[Date "2023.02.11"]
[Round "3.3"]
[White "Badamundi, Tapan"]
[Black "Deepan Chakkravarthy, J."]
[Result "0-1"]
[WhiteElo "1831"]
[BlackElo "2439"]
[PlyCount "74"]
[EventDate "2023.02.10"]
[EventType "team-swiss"]
[EventRounds "9"]
[EventCountry "IND"]
[SourceTitle "CBM 212 Extra"]
[Source "ChessBase"]
[SourceDate "2023.03.31"]
[SourceVersion "1"]
[SourceVersionDate "2023.03.31"]
[SourceQuality "1"]
[WhiteTeam "Odisha"]
[BlackTeam "RSPB II"]
[WhiteTeamCountry "IND"]
[BlackTeamCountry "IND"]

1. d4 Nf6 2. Nf3 e6 3. Bf4 b6 4. e3 Bb7 5. Nbd2 Be7 6. h3 0-0 7. Bd3 c5 8. c3 d6 9. Qe2 Nc6 10. 0-0 h6 11. Bh2 Re8 12. Rfd1 Bf8 13. e4 Nd7 14. Rac1 a6 15. e5 d5 16. Bb1 Be7 17. Nf1 b5 18. dxc5 Bxc5 19. Nd4 Qb6 20. Qd3 Nf8 21. Kh1 Rac8 22. Nxc6 Bxc6 23. Ne3 Ng6 24. Qe2 d4 25. cxd4 Bxd4 26. Bxg6 fxg6 27. Qg4 Bxe3 28. fxe3 Qxe3 29. Qxg6 Be4 30. Qg3 Qxc1 31. Rxc1 Rxc1+ 32. Bg1 Rc2 33. Qe3 Bxg2+ 34. Kh2 Bc6+ 35. Kg3 Rg2+ 36. Kh4 Rf8 37. a3 Bf3 0-1

[Event "IND-ch 59th"]
[Site "New Delhi"]
[Date "2022.12.28"]
[Round "7"]
[White "Kulkarni, Vinayak"]
[Black "Badamundi, Tapan"]
[Result "1/2-1/2"]
[WhiteElo "2052"]
[BlackElo "1736"]
[PlyCount "152"]
[EventDate "2022.12.22"]
[EventType "swiss"]
[EventRounds "13"]
[EventCountry "IND"]
[SourceTitle "CBM 211 Extra"]
[Source "ChessBase"]
[SourceDate "2023.01.31"]
[SourceVersion "1"]
[SourceVersionDate "2023.01.31"]
[SourceQuality "1"]

1. Nf3 e6 2. g3 d5 3. Bg2 c5 4. 0-0 Nc6 5. c4 Nf6 6. cxd5 exd5 7. d4 h6 8. a3 Be6 9. Nc3 Rc8 10. Qa4 Be7 11. dxc5 Bxc5 12. b4 Bb6 13. Bb2 0-0 14. Rad1 Qe7 15. Qb5 Rfd8 16. Na4 Nd7 17. Nxb6 Nxb6 18. Qd3 Nc4 19. Ba1 b5 20. Nh4 a5 21. Nf5 Bxf5 22. Qxf5 axb4 23. Rxd5 Qe6 24. Rxd8+ Nxd8 25. Qxb5 Nxa3 26. Qxb4 Nc2 27. Qh4 Nxa1 28. Bh3 f5 29. Rxa1 Nf7 30. Qf4 Qxe2 31. Bxf5 Rf8 32. Be4 Qb5 33. Rb1 Qc5 34. Rc1 Qg5 35. Qxg5 Nxg5 36. Bd5+ Kh8 37. f4 Nh7 38. Rc6 Nf6 39. Bb3 Rd8 40. Bc2 Ng4 41. h3 Ne3 42. Be4 Nd5 43. Kf2 Nf6 44. Bc2 Nd5 45. Rc5 Nb4 46. Kf3 Nxc2 47. Rxc2 Kh7 48. Rc3 Kg6 49. Kg4 Rd4 50. Rc5 Ra4 51. h4 Rb4 52. h5+ Kf6 53. Rf5+ Ke6 54. Rf8 Ke7 55. Rc8 Kf6 56. Re8 Ra4 57. Kf3 Ra3+ 58. Re3 Ra1 59. g4 Rf1+ 60. Kg3 Rg1+ 61. Kh4 Rh1+ 62. Rh3 Rf1 63. Kg3 Rg1+ 64. Kf3 Rf1+ 65. Ke3 Ra1 66. Rg3 Ra3+ 67. Kf2 Ra2+ 68. Kg1 Ra1+ 69. Kh2 Rf1 70. g5+ Kf5 71. gxh6 gxh6 72. Rg6 Rxf4 73. Rxh6 Kg5 74. Rh8 Rh4+ 75. Kg3 Rxh5 76. Rxh5+ Kxh5 1/2-1/2

[Event "Asia Cities-ch 20th"]
[Site "Bhubaneswar"]
[Date "2017.09.01"]
[Round "9.4"]
[White "Badamundi, Tapan"]
[Black "Wong, Yinn Long"]
[Result "0-1"]
[WhiteElo "1691"]
[BlackElo "2169"]
[PlyCount "104"]
[EventDate "2017.08.26"]
[EventType "team-swiss"]
[EventRounds "9"]
[EventCountry "IND"]
[SourceTitle "CBM 180 Extra"]
[Source "ChessBase"]
[SourceDate "2017.10.06"]
[SourceVersion "1"]
[SourceVersionDate "2017.10.06"]
[SourceQuality "1"]
[WhiteTeam "Bhubaneswar KISS"]
[BlackTeam "Penang"]
[WhiteTeamCountry "IND"]
[BlackTeamCountry "MAS"]

1. Nf3 c5 2. g3 g6 3. Bg2 Bg7 4. c4 Nc6 5. Nc3 d6 6. d3 e5 7. 0-0 Nge7 8. Bg5 f6 9. Bd2 0-0 10. a3 a5 11. Rb1 Be6 12. Qc1 b6 13. e4 Rb8 14. Nb5 f5 15. Ng5 Bc8 16. f3 h6 17. Nh3 Kh7 18. Nf2 Be6 19. Nd1 Nd4 20. Ndc3 Nec6 21. Kh1 Qd7 22. b3 g5 23. Qd1 fxe4 24. dxe4 Rf7 25. Be3 Rbf8 26. Bxd4 exd4 27. Nd5 Qd8 28. Qd2 Ne7 29. a4 Ng6 30. Rf2 h5 31. Rbf1 Bh6 32. Qe2 Ne5 33. h3 Ng6 34. Kh2 h4 35. g4 Bg7 36. Kg1 Be5 37. Qd3 Bg3 38. Re2 Ne5 39. Qb1 Kg7 40. f4 Bxf4 41. Nxf4 Rxf4 42. Ref2 Rxf2 43. Rxf2 Rxf2 44. Kxf2 Qf8+ 45. Kg1 Qf4 46. Qf1 Qe3+ 47. Kh1 d3 48. Nxd6 d2 49. Ne8+ Kg8 50. Kh2 Qf4+ 51. Kg1 Qxf1+ 52. Bxf1 d1Q 0-1

[Event "Asia Cities-ch 20th"]
[Site "Bhubaneswar"]
[Date "2017.08.29"]
[Round "5.5"]
[White "Badamundi, Tapan"]
[Black "Miswadah, Baha"]
[Result "0-1"]
[WhiteElo "1691"]
[BlackElo "1874"]
[PlyCount "95"]
[EventDate "2017.08.26"]
[EventType "team-swiss"]
[EventRounds "9"]
[EventCountry "IND"]
[SourceTitle "CBM 180 Extra"]
[Source "ChessBase"]
[SourceDate "2017.10.06"]
[SourceVersion "1"]
[SourceVersionDate "2017.10.06"]
[SourceQuality "1"]
[WhiteTeam "Bhubaneswar KISS"]
[BlackTeam "Alquds"]
[WhiteTeamCountry "IND"]
[BlackTeamCountry "PLE"]

1. Nf3 d5 2. g3 e6 3. Bg2 c5 4. 0-0 Nc6 5. d4 Nf6 6. b3 b6 7. c4 Be7 8. Nc3 Bb7 9. cxd5 exd5 10. dxc5 bxc5 11. e3 0-0 12. Bb2 Rc8 13. Re1 Qd7 14. Qe2 Rfd8 15. Rad1 Qg4 16. h3 Qd7 17. h4 h6 18. Rd2 Qg4 19. Kh2 Rb8 20. Red1 Qh5 21. Na4 Bd6 22. Bxf6 gxf6 23. Kg1 Ne5 24. Nh2 Qxe2 25. Rxe2 c4 26. Bxd5 Bxd5 27. Rxd5 cxb3 28. axb3 Rxb3 29. Nc5 Rb1+ 30. Kg2 Be7 31. Rxd8+ Bxd8 32. Ne4 f5 33. Nd6 Bf6 34. Nxf5 h5 35. Rc2 Rb7 36. Nf3 Nd3 37. e4 a5 38. Nd6 Ra7 39. Rd2 Ne5 40. Nxe5 Bxe5 41. Nc4 Bc3 42. Rc2 Bb4 43. Ne5 Re7 44. Nc6 Rxe4 45. f3 Re3 46. Nxb4 axb4 47. Rc5 f6 48. Rb5 0-1

[Event "Asia Cities-ch 20th"]
[Site "Bhubaneswar"]
[Date "2017.08.27"]
[Round "3.6"]
[White "Badamundi, Tapan"]
[Black "Salim Issa, Ali Shamas"]
[Result "0-1"]
[WhiteElo "1691"]
[BlackElo "1902"]
[PlyCount "75"]
[EventDate "2017.08.26"]
[EventType "team-swiss"]
[EventRounds "9"]
[EventCountry "IND"]
[SourceTitle "CBM 180 Extra"]
[Source "ChessBase"]
[SourceDate "2017.10.06"]
[SourceVersion "1"]
[SourceVersionDate "2017.10.06"]
[SourceQuality "1"]
[WhiteTeam "Bhubaneswar KISS"]
[BlackTeam "Muscat"]
[WhiteTeamCountry "IND"]
[BlackTeamCountry "OMN"]

1. Nf3 Nf6 2. g3 e6 3. Bg2 Be7 4. 0-0 d5 5. d3 0-0 6. Nbd2 c5 7. c4 Nc6 8. b3 Bd7 9. cxd5 exd5 10. Bb2 Re8 11. Rc1 Bf8 12. Re1 Qa5 13. a3 Qd8 14. Qc2 Rc8 15. e3 a6 16. e4 d4 17. Nh4 g6 18. h3 Nh5 19. Kh2 Qf6 20. Nc4 Ne5 21. Nxe5 Qxe5 22. Qd2 Be7 23. Nf3 Qe6 24. b4 b6 25. e5 Bb5 26. Rb1 Qf5 27. Rbd1 Bc6 28. Ng1 Bxg2 29. Kxg2 Qe6 30. Rb1 Qb3 31. Bxd4 Qd5+ 32. Re4 cxd4 33. Nf3 Rc3 34. Rxd4 Qc6 35. a4 b5 36. axb5 axb5 37. Re4 Rd8 38. Nd4 0-1

[Event "Bhubaneswar Pillai Memorial"]
[Site "Bhubaneswar"]
[Date "2016.11.21"]
[Round "3"]
[White "Mani, Bharathy"]
[Black "Badamundi, Tapan"]
[Result "1-0"]
[WhiteElo "1869"]
[BlackElo "1643"]
[PlyCount "83"]
[EventDate "2016.11.20"]
[EventType "swiss"]
[EventRounds "11"]
[EventCountry "IND"]
[SourceTitle "CBM 175 Extra"]
[Source "ChessBase"]
[SourceDate "2016.12.12"]
[SourceVersion "1"]
[SourceVersionDate "2016.12.12"]
[SourceQuality "1"]

1. Nf3 Nf6 2. c4 e6 3. d4 Bb4+ 4. Bd2 Qe7 5. Qc2 Bxd2+ 6. Nbxd2 d5 7. a3 0-0 8. e4 dxe4 9. Nxe4 Nbd7 10. Bd3 h6 11. Nxf6+ Qxf6 12. Qe2 Re8 13. Ne5 c5 14. Nxd7 Bxd7 15. dxc5 Bc6 16. 0-0 Qg5 17. Be4 Qxc5 18. b4 Qb6 19. c5 Qc7 20. Bxc6 Qxc6 21. Rad1 a5 22. Qc4 Qa4 23. Rd3 Red8 24. Rg3 Rd1 25. Rxg7+ Kxg7 26. Qg4+ Kf8 27. Rxd1 Qxa3 28. Qf4 axb4 29. Qxh6+ Ke8 30. h3 b3 31. Rb1 Qxc5 32. Rxb3 Ra1+ 33. Kh2 Qc7+ 34. g3 Rc1 35. Rxb7 Rh1+ 36. Kxh1 Qxb7+ 37. Kh2 Qf3 38. Qe3 Qf5 39. h4 Kf8 40. Kg2 f6 41. Qf3 Qe5 42. Qg4 1-0